Europe Micronations - Statistics

General Stats
  • This quiz has been taken 210 times
    174 since last reset
  • The average score is 8 of 10
Answer Stats
Hint Country % Correct
87,000 Andorra
96%
35,000 Monaco
95%
32,000 San Marino
95%
800 Vatican City
88%
570,000 Luxembourg
87%
36,000 Liechtenstein
84%
425,000 Malta
83%
876,000 Cyprus
54%
620,000 Montenegro
50%
331,000 Iceland
48%
No matching quizzes found
Score Distribution
Percent of People with Each Score
Percentile by Number Answered
Your Score History
You have not taken this quiz since the last reset